000
00311 a2200097 4500
020
_a
9789370988514
100
_a
Cherayi Ramadas
245
_a
Ayyankali prasthanam rekhakaliloode(അയ്യൻകാളി പ്രസ്ഥാനം രേഖകളിലൂടെ))
260
_b
D C books
_c
2026
942
_c
OO
999
_c
115283
_d
115282